[Event "XIX Sant Marti Open 2017"]
[Site "Barcelona"]
[Date "2017.07.20"]
[Round "8"]
[White "Grigoryan, Karen H"]
[Black "Cuartas, Jaime Alexander"]
[Result "1/2-1/2"]
[WhiteElo "2555"]
[BlackElo "2501"]
[Annotator "TA"]
[PlyCount "137"]
[EventDate "2017.??.??"]
[EventType "swiss"]
[EventCountry "ESP"]
[SourceTitle "playchess.com"]
[Source "ChessBase"]
[SourceQuality "1"]

{[%evp 15,136,58,55,54,43,25,77,16,8,13,19,16,16,16,15,12,25,14,13,14,23,21,25,12,11,13,17,0,0,0,0,0,0,0,0,0,18,15,23,26,25,15,37,37,38,34,65,66,70,62,64,58,83,83,83,83,83,83,83,83,83,83,83,83,83,83,83,83,152,149,105,56,67,70,77,75,78,78,61,62,58,66,61,0,0,0,0,0,0,0,0,0,0,0,0,0,0,0,0,0,0,0,0,0,0,0,0,0,0,0,0,0,0,0,0,0,0,0,0,0,0,0,0]} 1. Nf3 d5 2. c4 c6 {[%cal Bc7c6,Bc6c5][%mdl 32]} 3. e3 Nf6 4. Nc3 e6 5. b3 Nbd7 6. Qc2 a6 7. d4 c5 {D45: Semi-Slav: 5 e3} (7... Bd6 8. Bb2 O-O 9. Be2 b5 10. O-O Bb7 11. Rad1 Rc8 12. Rfe1 Re8 13. Bd3 h6 14. Qb1 Bb8 15. Ne2 Qa5 16. Ng3 dxc4 17. bxc4 c5 18. dxc5 Bxf3 19. gxf3 bxc4 20. Bxc4 Rxc5 {0-1 (61) Mamedyarov,S (2747)-Movsesian,S (2653) Huaian 2016}) 8. cxd5 exd5 {LiveBook: 6 Games} 9. Bb2 Be7 {White is slightly better.} 10. Rd1 $146 ({Predecessor:} 10. g3 b5 11. Bg2 Bb7 12. dxc5 Nxc5 13. O-O Rc8 14. Qb1 b4 15. Ne2 {1-0 (31) Atalik,S (2618)-Atalik,E (2399) Wijk aan Zee 2006}) 10... O-O (10... b5 $11) 11. Be2 (11. g4 $16) 11... b5 $11 12. dxc5 Nxc5 13. Nd4 Bb7 14. Nf5 Rc8 15. Qb1 Re8 16. Bf3 Bf8 17. O-O Nfe4 18. Nxe4 Nxe4 19. Qd3 Qg5 20. Ng3 Qg6 21. Rc1 Ng5 22. Be2 Qxd3 23. Bxd3 g6 24. Ne2 Ne6 25. Rfd1 Rxc1 26. Rxc1 Rc8 27. Rxc8 Bxc8 28. Be5 Bg7 29. Bxg7 Kxg7 $14 {[%mdl 4096] Endgame KBN-KBN} 30. b4 f5 31. Kf1 Kf6 32. Ke1 Bb7 33. g3 Ke5 34. f4+ Kd6 35. Kd2 Bc6 36. Kc3 Be8 37. Ng1 Ke7 38. Nf3 Kd6 39. h3 h5 40. Bf1 Bc6 41. Ne5 d4+ (41... Be8 $142) 42. exd4 $16 h4 43. gxh4 (43. Nxc6 {keeps more tension.} Kxc6 44. Bg2+ Kd6 45. d5 Ng7 46. g4) 43... Nxf4 44. Nxc6 Kxc6 {[#] KB-KN} 45. Kd2 $1 Kd6 {[#]} 46. a3 $1 Ke7 47. Ke3 Nd5+ 48. Kf3 Kf6 49. Bg2 ({White should play} 49. h5 $14) 49... Nb6 $11 {The position is equal.} 50. Kf4 Nc4 $1 51. Bb7 Nxa3 52. Bxa6 Nc2 53. Bxb5 {Hoping for Bc4.} Nxb4 54. Bc4 Nc6 55. d5 Ne5 56. Be2 Nf7 57. Bb5 (57. h5 $5 {[%cal Rh5g6]} g5+ 58. Ke3 $16) 57... Nd6 58. Bd7 Nc4 59. Be6 Nb6 60. h5 {Strongly threatening h6.} g5+ 61. Ke3 g4 62. hxg4 fxg4 63. Kf4 g3 {aiming for ...g2.} 64. Kxg3 Nxd5 65. Bxd5 Kg7 66. Kg4 Kh8 67. h6 Kh7 68. Kg5 Kh8 69. Kg6 $2 {[%mdl 8192] Precision: White = 70%, Black = 69%.} (69. Kh5) 1/2-1/2

[Event "XIX Sant Marti Open 2017"]
[Site "Barcelona"]
[Date "2017.07.20"]
[Round "8"]
[White "Asis Gargatagli, Hipolito"]
[Black "Fernandez, Fernando"]
[Result "1/2-1/2"]
[WhiteElo "2505"]
[BlackElo "2424"]
[Annotator "TA"]
[PlyCount "46"]
[EventDate "2017.??.??"]
[EventType "swiss"]
[EventCountry "ESP"]
[SourceTitle "playchess.com"]
[Source "ChessBase"]
[SourceQuality "1"]

{[%evp 30,46,0,0,0,0,38,27,36,-43,-37,-31,-28,-40,55,56,54,39,47]} 1. e4 c5 2. Nf3 d6 3. d4 cxd4 4. Nxd4 Nf6 5. Nc3 a6 6. f3 e5 7. Nb3 Be6 8. Be3 Be7 9. Qd2 O-O 10. O-O-O Nbd7 11. g4 b5 12. Rg1 {B90: Sicilian Najdorf: Unusual White 6th moves, 6 Be3 Ng4 and 6 Be3 e5} Nb6 13. g5 Nh5 14. Na5 Rc8 15. Kb1 Qc7 16. Nd5 {LiveBook: 3 Games} Nxd5 17. exd5 {[#]} Bf5 $146 {[%cal Rf5c2]} ({Predecessor:} 17... Bxd5 18. Qxd5 Qxa5 19. Bd3 g6 {0-1 (51) Caruana,F (2844)-Vachier Lagrave,M (2757) Tashkent 2014}) 18. Nc6 f6 19. g6 ({Better is} 19. h4 $14) 19... Bxg6 $15 20. Rxg6 hxg6 21. Qg2 f5 ({Black should try} 21... Kh7 $1 $15) 22. Qxg6 $14 Nf4 23. Bxf4 $1 {[#] Qe6+ is the strong threat.} Rf6 $1 1/2-1/2

[Event "XIX Sant Marti Open 2017"]
[Site "Barcelona"]
[Date "2017.07.20"]
[Round "8"]
[White "Oliva Castaneda, Kevel"]
[Black "Burmakin, Vladimir"]
[Result "1/2-1/2"]
[WhiteElo "2497"]
[BlackElo "2505"]
[Annotator "TA"]
[PlyCount "40"]
[EventDate "2017.??.??"]
[EventType "swiss"]
[EventCountry "ESP"]
[SourceTitle "playchess.com"]
[Source "ChessBase"]
[SourceQuality "1"]

{[%evp 17,40,31,29,38,39,12,12,12,12,12,10,0,4,1,11,12,4,7,6,7,8,8,14,17,20]} 1. d4 Nf6 2. c4 c6 3. Nf3 d5 4. e3 Bg4 5. Qb3 Qb6 6. Nc3 {D11: Slav Defence: 3 Nf3 sidelines and 3...Nf6 4 e3 Bg4} Nbd7 (6... e6 7. Nh4 Bh5 8. h3 Be7 9. g4 Bg6 10. Nxg6 hxg6 11. Bg2 g5 12. O-O Nbd7 13. Rd1 Qc7 14. e4 Nxe4 15. Nxe4 dxe4 16. Bxe4 {1-0 (30) Carlsen,M (2855)-So,W (2770) Leuven 2016}) 7. cxd5 Qxb3 8. axb3 Nxd5 9. Nxd5 cxd5 {LiveBook: 3 Games} 10. Bd2 e6 11. Bb5 {[#] Hoping for Ne5.} f6 {The position is equal.} 12. O-O Bd6 13. Rfc1 Ke7 14. Ne1 $146 a6 15. Bf1 Rhc8 16. Nd3 Bf5 17. b4 Bxd3 18. Bxd3 Rxc1+ 19. Rxc1 f5 20. Ra1 Nb6 1/2-1/2

[Event "XIX Sant Marti Open 2017"]
[Site "Barcelona"]
[Date "2017.07.20"]
[Round "8"]
[White "Rios, Cristhian Camilo"]
[Black "Himanshu, Sharma"]
[Result "0-1"]
[WhiteElo "2477"]
[BlackElo "2498"]
[Annotator "TA"]
[PlyCount "56"]
[EventDate "2017.??.??"]
[EventType "swiss"]
[EventCountry "ESP"]
[SourceTitle "playchess.com"]
[Source "ChessBase"]
[SourceQuality "1"]

{[%evp 11,56,18,48,8,37,51,45,58,37,59,71,0,51,0,0,-36,50,0,0,0,0,-83,-56,-56,-56,-56,-51,-50,-41,-152,-166,-150,-166,-169,-152,-157,-145,-146,-106,-130,-156,-280,-233,-2531,-2523,-2500,-2320]} 1. e4 c5 2. Nf3 e6 3. d4 cxd4 4. Nxd4 Nc6 5. Nc3 d6 6. g4 Nge7 {[%cal Bg8e7,Be7c6,Bc6e5][%mdl 32] LiveBook: 61 Games. B54: Sicilian: 2...d6 3 d4 cxd4 4 Nxd4, Unusual Lines} (6... a6 7. Be3 Nge7 8. Nb3 b5 9. f4 Bb7 10. Qe2 Na5 11. Nd2 Rc8 12. Qf2 Nec6 13. O-O-O Be7 14. h4 O-O 15. h5 Qd7 16. g5 {0-1 (37) Volokitin,A (2624)-Svidler,P (2759) Almaty 2016}) 7. Bg5 Nxd4 $146 ({Predecessor:} 7... a6 8. h4 h6 9. Be3 b5 10. a3 Bb7 11. Qd2 Nxd4 12. Bxd4 Nc6 13. Be3 Be7 14. Rh3 {½-½ (62) Adams,M (2590)-Sokolov,A (2570) Manila 1990}) 8. Qxd4 Nc6 {White is slightly better.} 9. Qd2 Qa5 10. O-O-O a6 11. Bg2 (11. Kb1 $16) 11... h6 ({Black should play} 11... Ne5 $11 12. Qe2 b5) 12. Be3 (12. Bh4 $14) 12... Ne5 $11 13. Qe2 g5 (13... b5 $1 $15) 14. f4 gxf4 15. Bxf4 Bd7 16. Rd4 (16. Bf1 $11 {keeps the balance.}) 16... b5 {[%cal Bb7b5,Bb5b4,Bb4c3][%mdl 32]} 17. Rhd1 b4 18. Bxe5 dxe5 19. Rxd7 bxc3 20. Qf3 (20. Qc4 $1 $15 cxb2+ 21. Kb1) 20... Be7 $1 $17 ({Much worse is} 20... cxb2+ $6 21. Kb1 $11) 21. Kb1 {Black should prevent Rb7.} Rb8 $1 {[%cal Rb8b2]} 22. b3 {[#]} Rc8 $1 $40 {[%mdl 128] Threatens to win with ...Qa3. Black has strong attack.} 23. a4 {[#] Black must now prevent Rb7.} Qb4 $1 {[%cal Rb4a3] Strongly threatening ...Qa3.} 24. R7d3 Bg5 25. Ka2 O-O 26. Qg3 (26. Rd7 $17) 26... Qa5 {aiming for ...Rc4.} 27. Kb1 $2 (27. Ra1) 27... Rc4 $19 {( -> ...Rxa4!)} 28. Qe1 Rfc8 {Precision: White = 25%, Black = 71%.} 0-1

[Event "XIX Sant Marti Open 2017"]
[Site "Barcelona"]
[Date "2017.07.20"]
[Round "8"]
[White "Iniyan, P."]
[Black "Peralta, Fernando"]
[Result "1/2-1/2"]
[WhiteElo "2380"]
[BlackElo "2564"]
[Annotator "TA"]
[PlyCount "70"]
[EventDate "2017.??.??"]
[EventType "swiss"]
[EventCountry "ESP"]
[SourceTitle "playchess.com"]
[Source "ChessBase"]
[SourceQuality "1"]

{[%evp 22,70,18,0,0,0,13,3,8,-12,-8,-43,-56,-46,-45,-66,-23,-60,-25,-29,-21,-9,-9,-31,-8,-122,-133,-118,-121,-122,-112,-110,-60,-58,0,0,0,0,0,0,0,0,0,0,0,0,0,0,0,0,0]} 1. d4 e6 2. c4 f5 3. Nf3 Nf6 4. g3 d5 5. Bg2 c6 6. O-O Bd6 7. b3 Qe7 8. Bb2 b6 9. Nbd2 O-O 10. Ne5 Bb7 11. Rc1 a5 12. Qc2 Na6 {A90: Dutch Defence: Miscellaneous and Modern Stonewall (with ...Bd6)} 13. Qb1 (13. Ndf3 Ne4 14. Nd3 c5 15. Rfd1 a4 16. e3 Nb4 17. Qb1 Nxd3 18. Qxd3 axb3 19. axb3 Ra2 20. Qb1 {0-1 (44) Lou,Y (2454)-Sandipan,C (2585) Al Ain 2015}) 13... Rac8 (13... Ne4 $5 14. Rfd1 (14. Bxe4 dxe4 15. Rcd1 c5 $15) 14... Nxd2 15. Rxd2 Bxe5 16. dxe5 g5 $14) 14. Nd3 Ne4 15. Nf3 c5 16. Qa1 $146 ({Predecessor:} 16. e3 Nb4 17. Rfd1 Nxd3 18. Qxd3 Rfd8 19. Qb1 Bb8 20. dxc5 bxc5 {½-½ (84) Vitor,A (2373)-Teran Alvarez,I (2398) Evora 2007}) 16... f4 17. e3 fxe3 18. fxe3 dxc4 (18... Nb4 $5 {[%cal Rb4d3]} 19. Nde5 a4 20. bxa4 Ra8 $17) 19. bxc4 Ng5 20. Nxg5 $1 {[#] Hoping for Bxb7.} Bxg2 21. Kxg2 {And now h4 would win.} Qxg5 22. Nf4 Qh6 23. d5 (23. dxc5 $11 {remains equal.} Nxc5 24. Rcd1) 23... exd5 $17 24. cxd5 Nc7 {[%cal Ba6c7,Bc7d5,Bd5f4,Bf4h3][%mdl 32] aiming for ...g5.} 25. Rcd1 Bxf4 26. exf4 Nxd5 {[#] White must now prevent ...Ne3+.} 27. Bxg7 $1 ({Don't blunder} 27. Rxd5 $2 Qc6 $19) 27... Qc6 (27... Ne3+ $15 28. Kf3 Qe6 29. Bxf8 Rxf8) 28. Bxf8 $40 {[%csl Gf8][%cal Ra1g7][%mdl 128] The position is equal. Black needs to defend precisely.} Nxf4+ $1 ({Don't go for} 28... Rxf8 $2 29. Kf2 $18) 29. Kf2 {[%csl Gf8][%cal Ra1g7,Bg2f2,Bf2e3,Be3d2,Bd2c1][%mdl 32]} Nh3+ 30. Ke3 {[%csl Gf8][%cal Ra1g7]} Re8+ 31. Kd2 {[%csl Gf8][%cal Ra1g7]} Qd5+ 32. Kc1 {[%csl Gf8][%cal Ra1g7]} Qc4+ 33. Kb1 {[%csl Gf8][%cal Ra1g7]} Qe4+ 34. Kc1 {[%csl Gf8][%cal Ra1g7]} Qc4+ 35. Kb1 {[%csl Gf8][%cal Ra1g7]} Qe4+ {Precision: White = 54%, Black = 51%.} 1/2-1/2

[Event "XIX Sant Marti Open 2017"]
[Site "Barcelona"]
[Date "2017.07.20"]
[Round "8"]
[White "Quirhuayo Chumbe, German Gonzalo"]
[Black "Narciso Dublan, Marc"]
[Result "0-1"]
[WhiteElo "2376"]
[BlackElo "2516"]
[Annotator "TA"]
[PlyCount "102"]
[EventDate "2017.??.??"]
[EventType "swiss"]
[EventCountry "ESP"]
[SourceTitle "playchess.com"]
[Source "ChessBase"]
[SourceQuality "1"]

{[%evp 21,102,20,30,21,24,-12,-4,-34,0,0,0,-17,-17,-22,-20,-61,-64,-92,-17,-54,-56,-61,0,-78,-64,-47,-47,-115,-102,-142,-149,-143,-66,-60,-60,-83,-88,-91,-85,-119,-120,-133,-127,-276,-276,-256,-222,-216,-222,-263,-275,-431,-431,-469,-462,-630,-598,-675,-673,-650,-626,-1051,-731,-909,-899,-1368,-1319,-1172,-1047,-875,-1090,-1084,-997,-1023,-1017,-973,-982,-921,-890,-29988,-29989,-29989,-29990]} 1. e4 e6 2. d4 d5 3. Nc3 dxe4 4. Nxe4 Nd7 5. Nf3 Ngf6 6. Bg5 h6 7. Nxf6+ Nxf6 8. Be3 Bd6 {C10: French with 3 Nc3: Unusual Black 3rd moves and 3...dxe4} 9. Bd3 b6 10. Qe2 Bb7 11. O-O-O O-O {LiveBook: 13 Games} 12. Rhg1 Nd5 13. Kb1 $146 (13. Bd2 $5 {[%cal Re2e4]}) ({Predecessor:} 13. Bd2 Nf4 14. Bxf4 Bxf4+ 15. Kb1 Qf6 16. Be4 Bxe4 17. Qxe4 Rad8 18. g3 Bd6 19. Qc6 e5 20. Rge1 exd4 21. Rxd4 Qg6 {½-½ (21) Papenin,N (2729)-Szczepanski,Z (2561) ICCF email 2012}) 13... Qf6 14. h3 Nf4 15. Bxf4 $1 Qxf4 16. c3 c5 {[%cal Bc7c5,Bc5c4][%mdl 32]} 17. Bc2 Rfd8 18. Qd3 g6 19. Rde1 e5 (19... Qf6 $17 20. Qd1 Bxf3 21. Qxf3 Qxf3 22. gxf3 cxd4 23. cxd4 Be7) 20. d5 c4 $36 {[%mdl 2048] Black has some pressure.} 21. Qd1 Bc5 (21... Bc7 $15) 22. Re4 (22. Rxe5 $11 {remains equal.} Bxf2 23. Rf1) 22... Rxd5 $17 23. Qe2 Qf6 24. Nxe5 (24. Qxc4 $15 Bxf2 25. Rf1) 24... Qxf2 25. Qxf2 Bxf2 26. Rf1 Bc5 (26... f5 $1 $17 {[%cal Rf5e4]} 27. Re2 Re8 28. Rexf2 Rdxe5) 27. Nxf7 $15 Rf8 $1 {[%cal Rf8f7]} 28. Ref4 {[#] Black must now prevent Rf6.} Kg7 $1 29. b4 Be7 30. Be4 {[#]} g5 $1 {[%cal Rg5f4]} 31. Bxd5 Bxd5 32. Rd4 (32. Nxg5 $17 {is the only way for White.} hxg5 33. Rxf8 Bxf8 34. Rf2) 32... Bxf7 $19 33. Kb2 a5 {[%cal Ba7a5,Ba5a4][%mdl 32]} 34. Rd7 Bf6 {Threatens to win with ...axb4.} 35. b5 Re8 36. Rd2 (36. Rf2 $142) 36... Re3 37. Rc1 a4 38. a3 Rd3 39. Re2 Rd5 40. Ka2 Rxb5 41. Re3 Rd5 42. Kb2 Bg6 43. Re2 Bd3 44. Re6 Rf5 45. Rxb6 Rf2+ 46. Ka1 Bc2 47. Rb7+ Kg6 48. Rb6 Kf7 49. Rb7+ Ke8 50. Re1+ Kd8 51. Re3 Bd3 {Precision: White = 30%, Black = 72%.} 0-1

[Event "XIX Sant Marti Open 2017"]
[Site "Barcelona"]
[Date "2017.07.20"]
[Round "8"]
[White "Vassallo Barroche, Mauricio"]
[Black "Henriquez Villagra, Cristobal"]
[Result "0-1"]
[WhiteElo "2376"]
[BlackElo "2532"]
[Annotator "TA"]
[PlyCount "92"]
[EventDate "2017.??.??"]
[EventType "swiss"]
[EventCountry "ESP"]
[SourceTitle "playchess.com"]
[Source "ChessBase"]
[SourceQuality "1"]

{[%evp 16,92,20,22,43,0,0,7,-1,2,9,-6,24,-5,20,-18,-8,-31,-10,-16,-1,-9,8,9,52,63,64,62,63,53,51,57,72,59,46,34,49,-15,-23,-16,-18,-82,-84,-98,-86,-152,-10,0,0,0,0,-93,-92,-82,-75,-91,-84,-77,-33,-50,-42,-50,0,0,46,46,326,309,618,613,596,588,542,-543,-536,-29987,-29988,-29988,-29989]} 1. d4 Nf6 2. Nf3 g6 3. g3 Bg7 4. Bg2 O-O 5. O-O d6 6. c4 Nc6 7. Nc3 a6 8. b3 Rb8 9. Nd5 Nd7 {E63: King's Indian: Fianchetto: Panno Variation with 7...a6} (9... Nh5 10. Bb2 e6 11. Ne3 f5 12. Rb1 Ne7 13. Qd2 b6 14. Nd1 h6 15. Nc3 Nf6 16. e3 b5 17. Ne1 g5 18. Nd3 Qe8 19. a4 {½-½ (51) Georgiev,K (2623)-Cheparinov,I (2675) Pleven 2015}) 10. Bg5 h6 11. Be3 e6 {The position is equal.} 12. Nc3 Ne7 13. Rc1 b6 $146 {[%cal Bb7b6,Bb6b5,Bb5b4][%mdl 32]} ({Predecessor:} 13... e5 14. dxe5 dxe5 15. Rc2 Nf5 16. Bc1 c6 17. Ba3 {1-0 (58) Zpevak,P (2386)-Rabatin,J (2237) Stare Mesto 2013}) 14. Rc2 (14. Qd2 $5 {[%cal Re3h6]}) 14... Bb7 15. Bc1 {[#]} b5 $1 {[%mdl 512]} 16. e3 (16. cxb5 axb5) 16... b4 17. Na4 Be4 18. Re2 f5 19. Ne1 Nf6 20. f3 Bc6 21. Nb2 g5 22. e4 fxe4 23. fxe4 d5 24. exd5 exd5 25. Qd3 Be8 {White should prevent ...Bg6.} 26. Nf3 ({White should try} 26. Qe3 $14 Rf7 27. Nc2) 26... Bg6 $1 $11 {[%cal Rg6d3]} 27. Qd1 Ne4 {aiming for ...Nc3.} 28. Qe1 (28. Na4 $11 {remains equal.}) 28... Nc6 $17 29. Be3 Nc3 $36 {[%mdl 2048] White is under strong pressure.} 30. cxd5 (30. Rd2 $142) 30... Ne7 ({Resist} 30... Nxe2+ 31. Qxe2 Qxd5 32. Nxg5 $17) (30... Nxd5 31. Bf2 $15) (30... Qxd5 $17 31. Ref2 Be4) 31. Ref2 $11 Ne4 32. Ne5 Nxf2 33. Rxf2 (33. Nxg6 $11 Nxg6 34. Bxf2) 33... Rxf2 $17 34. Bxf2 Bxe5 $1 35. dxe5 Nxd5 36. e6 Rb5 37. Nc4 Ne7 38. Ne5 Be8 39. Ng4 {Strongly threatening Bf1.} Nf5 40. Qa1 Kh7 $2 {[%mdl 8192]} ({Better is} 40... Ng7 $14) 41. Be4 $18 h5 $2 (41... Qe7 42. Nf6+ (42. Qf6 Bg6 $16) 42... Kg6) 42. Nf6+ Kg6 {[#]} 43. Nxh5 $1 Kxh5 44. g4+ $4 {[%mdl 8192]} (44. Qh8+ $18 {was the only winning move.} Nh6 45. h3 (45. g4+ Kxg4 46. Qxh6 Qd1+ 47. Kg2 Kf4 $11)) 44... Kxg4 $19 45. Qh8 Qd1+ 46. Kg2 Nh4+ {Precision: White = 51%, Black = 42%.} 0-1

[Event "XIX Sant Marti Open 2017"]
[Site "Barcelona"]
[Date "2017.07.20"]
[Round "8"]
[White "Morales, Jhon Alexander"]
[Black "Arizmendi Martinez, Julen Luis"]
[Result "0-1"]
[WhiteElo "2355"]
[BlackElo "2511"]
[Annotator "TA"]
[PlyCount "64"]
[EventDate "2017.??.??"]
[EventType "swiss"]
[EventCountry "ESP"]
[SourceTitle "playchess.com"]
[Source "ChessBase"]
[SourceQuality "1"]

{[%evp 25,64,0,0,0,0,0,6,-6,19,21,12,0,0,-24,-27,-62,-45,-70,-54,-104,-101,-97,-79,-67,-64,-110,-116,-140,-117,-142,-145,-148,-116,-129,-93,-183,-168,-117,-185,-222,-207]} 1. e4 e6 2. d4 d5 3. Nc3 Bb4 4. e5 Ne7 5. a3 Bxc3+ 6. bxc3 b6 7. Qg4 Ng6 8. h4 h5 9. Qd1 {C16: French: 3 Nc3 Bb4 4 e5: Lines without ...c5} (9. Qg3 Ba6 10. Bxa6 Nxa6 11. Ne2 Qd7 12. a4 c5 13. O-O Rc8 14. Qd3 Nb8 15. Bg5 Nc6 16. Ng3 Nge7 17. Rfd1 cxd4 18. cxd4 Nf5 19. Nxf5 exf5 {1-0 (68) Hou,Y (2635)-Kramnik,V (2810) Medias 2016}) 9... c5 10. Bb5+ Bd7 11. Bd3 Ba4 12. Bxg6 fxg6 13. Qd3 O-O {LiveBook: 3 Games} 14. Qxg6 Qe8 15. Qxe8 Rxe8 16. Ra2 cxd4 17. cxd4 {[#]} Rc8 $146 18. Kd1 Rc4 19. Be3 Na6 20. Ke2 Rac8 21. Kf3 Bxc2 22. Nh3 Bf5 23. Nf4 g6 24. Kg3 Nb8 25. Raa1 Nc6 26. Rhd1 Kf7 27. Ne2 Bc2 28. Rg1 Na5 29. Kh2 Nb3 30. Rae1 {[#]} (30. Ra2 $17) 30... Bf5 $1 $19 31. f3 Rc2 32. Nc1 Na5 {Precision: White = 31%, Black = 89%.} 0-1

[Event "XIX Sant Marti Open 2017"]
[Site "Barcelona"]
[Date "2017.07.20"]
[Round "8"]
[White "Abhishek, Das"]
[Black "Arvola, Benjamin"]
[Result "1/2-1/2"]
[WhiteElo "2274"]
[BlackElo "2469"]
[Annotator "TA"]
[PlyCount "110"]
[EventDate "2017.??.??"]
[EventType "swiss"]
[EventCountry "ESP"]
[SourceTitle "playchess.com"]
[Source "ChessBase"]
[SourceQuality "1"]

{[%evp 18,110,37,9,0,0,57,53,56,0,0,-27,-26,-29,-19,-13,-26,36,-6,0,0,-20,-20,-20,-20,-20,-6,-6,-6,-6,-6,-6,-6,-6,-6,-6,-6,-6,-6,-6,-6,-6,-6,-6,14,16,14,12,47,39,133,133,134,129,207,130,161,153,122,47,54,54,54,54,54,53,39,46,53,39,208,39,39,37,49,0,39,0,45,0,50,0,37,37,37,0,19,0,37,0,8,0,39,0,9]} 1. e4 e5 2. Nf3 Nc6 3. Nc3 Nf6 4. Bb5 Bc5 5. O-O O-O 6. Nxe5 Nxe5 7. d4 Bd6 8. f4 Nc6 {C48: Four Knights: 4 Bb5, replies other than 4...Bb4} 9. e5 Bb4 10. d5 {LiveBook: 4 Games} a6 {And now ...Nxd5 would win.} 11. Be2 Nxd5 (11... Bc5+ $11 12. Kh1 Nxd5 $1 {[%mdl 512]} 13. Qxd5 d6) 12. Nxd5 $14 Bc5+ 13. Kh1 (13. Be3 $14 Bxe3+ 14. Nxe3) 13... d6 $11 14. Bd3 {Strongly threatening Qh5.} dxe5 15. fxe5 Nxe5 {[#]} 16. Bxh7+ $1 {[%mdl 512]} Kxh7 {[#]} 17. Qh5+ $146 Kg8 18. Qxe5 Qd6 $1 {[%cal Rd6e5]} 19. Bf4 Qxe5 20. Bxe5 c6 21. b4 {Hoping for Nc7.} cxd5 22. bxc5 Re8 23. Bd4 Re4 24. c3 Bd7 25. Rab1 Bb5 26. Rf2 Rae8 27. h3 f6 28. g4 Re2 {Threatening ...Rxf2.} 29. Rb2 Re1+ 30. Kh2 Rd1 {[#]} 31. g5 $1 {[%mdl 512]} fxg5 32. Rf5 (32. a4 $5 Bc6 33. Rf5 $11) 32... g6 33. Rf6 {[%mdl 1024] White has compensation.} Kh7 ({Black should play} 33... Bd3 $1 $14) 34. Rf7+ $16 Kh6 35. Bg7+ Kh5 (35... Kh7 $16) 36. Bf6 {[%cal Rf7h7]} (36. Rxb7 $6 g4 $14) 36... Kh6 37. Rg2 ({Resist} 37. Rxb7 Ree1 $16) 37... g4 38. Rxg4 ({White should try} 38. Bg7+ $16 Kg5 39. Rxg4+ Kh5 {[#]} 40. Rh4+ $1 {[%mdl 512]} (40. Rxb7 Rd2+ 41. Rg2 Rxg2+ 42. Kxg2 d4 $11) 40... Kg5 41. Bf6+ Kf5 42. Bd4+ Kg5 43. Rg4+ Kh6 44. Rg2 (44. Rxb7 Re2+ 45. Rg2 Rxg2+ 46. Kxg2 Kg5 $16)) 38... Re2+ 39. Kg3 {[%cal Rg4h4]} Rg1+ 40. Kh4 {[%csl Gg4,Gh4][%cal Rf6g5]} Rxg4+ 41. hxg4 $14 {[%csl Gf6,Gh4][%cal Rg4g5][%mdl 4096] Endgame KRB-KRB} g5+ $1 42. Bxg5+ Kg6 43. Rxb7 {aiming for Rb6+.} Rh2+ 44. Kg3 Rc2 $1 45. Kf4 Rf2+ 46. Kg3 Rc2 $1 47. Kf4 Rf2+ 48. Kg3 Rc2 $1 49. Kf4 Rxc3 50. Rb6+ Kf7 51. Rb7+ (51. Bf6 $5 {[%cal Rf6c3]} Rxc5 52. g5 $14) 51... Kg6 $1 52. Rb6+ Kf7 53. Rb7+ Kg6 $1 54. Rb6+ Kf7 55. Rb7+ Kg6 $1 {Precision: White = 59%, Black = 67%.} 1/2-1/2

[Event "XIX Sant Marti Open 2017"]
[Site "Barcelona"]
[Date "2017.07.20"]
[Round "8"]
[White "Moksh Amit Doshi"]
[Black "Salinas Herrera, Pablo"]
[Result "0-1"]
[WhiteElo "2154"]
[BlackElo "2438"]
[Annotator "TA"]
[PlyCount "118"]
[EventDate "2017.??.??"]
[EventType "swiss"]
[EventCountry "ESP"]
[SourceTitle "playchess.com"]
[Source "ChessBase"]
[SourceQuality "1"]

{[%evp 16,118,15,19,41,17,24,12,24,24,32,26,25,19,23,0,0,-47,-43,-27,-41,-63,-70,-70,-66,-91,-83,-101,-100,-92,-106,-100,-85,-91,-99,-100,-100,-96,-104,-106,-80,-121,-92,-143,-132,-160,-160,-169,-171,-160,-159,-164,-166,-188,-126,-126,-124,-125,-129,-128,-125,-119,-125,-147,-127,-165,-166,-239,-244,-230,-229,-287,-256,-675,-746,-746,-710,-1407,-1345,-739,-696,-12838,-12839,-12840,-12839,-12840,-12837,-12837,-12836,-12840,-12840,-12841,-12841,-12843,-12843,-12843,-12844,-12844,-12843,-12843,-12844,-12850,-29983,-12851,-29983]} 1. d4 d5 2. c4 e6 3. Nf3 Nf6 4. Nc3 c6 5. Bg5 Nbd7 6. e3 Qa5 7. cxd5 Nxd5 8. Qd2 Bb4 9. Rc1 b6 {D52: Queen's Gambit Declined: Cambridge Springs Variation} 10. Bd3 (10. a3 Bxc3 11. bxc3 h6 12. Bh4 c5 13. c4 Qxd2+ 14. Nxd2 Ne7 15. f3 Ba6 16. Be2 f5 17. O-O {1-0 (49) So,W (2822)-Dreev,A (2651) chess.com INT 2017}) 10... h6 11. Bh4 Nxc3 {The position is equal.} 12. bxc3 Ba3 13. Rb1 Ba6 14. O-O O-O 15. e4 Rfe8 16. e5 Bxd3 $146 ({Predecessor:} 16... c5 17. Bxa6 Qxa6 18. d5 exd5 19. Qxd5 {1-0 (41) Tan,Z (2499)-Wang,D (2217) Xinghua 2014}) 17. Qxd3 c5 18. d5 {Black must now prevent dxe6.} c4 $1 {[%cal Rc4d3]} 19. Qxc4 {aiming for Rfd1.} Qxd5 20. Qa4 {Rbd1 is the strong threat.} Bf8 21. c4 Qb7 22. Rfd1 Nc5 23. Qc2 {[#]} Qe4 $1 {[%cal Re4c2]} 24. Qxe4 Nxe4 25. Rbc1 Rec8 26. Rd4 Nc5 27. Kf1 Rc7 28. Ke2 Rac8 29. Rc2 (29. Nd2 $142) 29... Nd7 30. Rcd2 Nb8 31. Rd8 {[#]} g5 $1 {[%cal Rg5h4]} ({Not} 31... Rxc4 $2 32. Be7 $18) 32. Bg3 Rxc4 33. Rxc8 Rxc8 34. Nd4 Rd8 (34... Rc4 $19 35. h4 Bb4) 35. f4 $17 Bc5 36. Nb3 Rxd2+ 37. Kxd2 {[%mdl 4096] Endgame KBN-KBN} Bg1 38. Kd3 Kg7 39. fxg5 hxg5 40. h4 Kg6 41. Ke4 (41. Nd2 $142) 41... Nd7 $19 42. hxg5 Kxg5 43. a4 Kg4 44. Bf4 $2 (44. Be1) 44... Nc5+ 45. Nxc5 Bxc5 {KB-KB} 46. Bh2 a6 {[%cal Ba7a6,Ba6b5][%mdl 32]} 47. Bf4 b5 48. axb5 axb5 49. Bh2 Bf2 50. Bf4 Bg1 51. Bd2 Kg3 52. Bc3 Bc5 53. Bb2 Kxg2 54. Kf4 Kf2 55. Kg5 Ke3 56. Kf6 Bd4 57. Bc1+ Ke4 58. Kxf7 Kxe5 59. Bd2 Kd5 {Precision: White = 31%, Black = 83%.} 0-1